[Event "Vellmar op 11th"]
[Site "Vellmar"]
[Date "2019.07.05"]
[Round "2"]
[White "Rehbein, Ulrich"]
[Black "Fuss, Jean Pierre"]
[Result "1/2-1/2"]
[WhiteElo "1774"]
[BlackElo "1957"]
[PlyCount "80"]
[EventDate "2019.07.04"]
[EventType "swiss"]
[EventRounds "7"]
[EventCountry "GER"]
[SourceTitle "CBM 191 Extra"]
[Source "ChessBase"]
[SourceDate "2019.09.30"]
[SourceVersion "1"]
[SourceVersionDate "2019.09.30"]
[SourceQuality "1"]

1. Nf3 Nf6 2. g3 g6 3. Bg2 Bg7 4. 0-0 0-0 5. c4 c6 6. Nc3 d5 7. d4 Ne4 8. e3 Nxc3 9. bxc3 dxc4 10. a4 Bf5 11. a5 Nd7 12. Re1 b5 13. Nh4 Rc8 14. Nxf5 gxf5 15. e4 e5 16. Be3 exd4 17. Bxd4 Bxd4 18. Qxd4 Nf6 19. Qxa7 Qd3 20. Re3 Qd2 21. h3 Nd7 22. exf5 Rfe8 23. Rxe8+ Rxe8 24. Bxc6 Qxc3 25. Rd1 Re1+ 26. Rxe1 Qxe1+ 27. Kg2 Ne5 28. Qb8+ Kg7 29. Qxb5 c3 30. Qc5 Nxc6 31. Qxc6 Qd2 32. a6 c2 33. a7 c1Q 34. Qxc1 Qxc1 35. a8Q Qg5 36. Qd5 h5 37. f4 Qh6 38. Qe5+ Kh7 39. Qe7 Qc6+ 40. Kf2 Qc2+ 1/2-1/2

[Event "Vellmar op 10th"]
[Site "Vellmar"]
[Date "2018.07.12"]
[Round "1"]
[White "Rehbein, Ulrich"]
[Black "Werner, Martin"]
[Result "1/2-1/2"]
[WhiteElo "1756"]
[BlackElo "2018"]
[PlyCount "69"]
[EventDate "2018.07.12"]
[EventType "swiss"]
[EventRounds "7"]
[EventCountry "GER"]
[SourceTitle "CBM 185 Extra"]
[Source "ChessBase"]
[SourceDate "2018.07.29"]
[SourceVersion "1"]
[SourceVersionDate "2018.07.29"]
[SourceQuality "1"]

1. d4 d5 2. Nf3 c5 3. c4 e6 4. Bg5 Be7 5. h4 Nc6 6. e3 Nf6 7. Nc3 cxd4 8. exd4 0-0 9. Bd3 dxc4 10. Bxc4 Qb6 11. a3 Rd8 12. Be3 Ng4 13. Qc2 Bf6 14. Bd3 Bxd4 15. Bxd4 Nxd4 16. Nxd4 Qxd4 17. Rd1 Qe5+ 18. Kf1 Bd7 19. Bxh7+ Kh8 20. Rh3 Rac8 21. Bd3 Qf4 22. Qe2 Bc6 23. Kg1 Rd4 24. Qf1 Rcd8 25. Ne2 Qf6 26. Nxd4 Rxd4 27. Be2 Rf4 28. Bxg4 Rxg4 29. Rg3 Rxh4 30. Qd3 Qh6 31. Rh3 Rxh3 32. Qxh3 Qxh3 33. gxh3 Kh7 34. Kh2 Kg6 35. Kg3 1/2-1/2

[Event "Vellmar op 7th"]
[Site "Vellmar"]
[Date "2015.08.09"]
[Round "7"]
[White "Boele, Martijn"]
[Black "Rehbein, Ulrich"]
[Result "1-0"]
[WhiteElo "1992"]
[BlackElo "1832"]
[PlyCount "86"]
[EventDate "2015.08.06"]
[EventType "swiss"]
[EventRounds "7"]
[EventCountry "GER"]
[SourceTitle "CBM 167 Extra"]
[Source "ChessBase"]
[SourceDate "2015.09.14"]
[SourceVersion "1"]
[SourceVersionDate "2015.09.14"]
[SourceQuality "1"]

1. e4 d5 2. Nc3 dxe4 3. Nxe4 e5 4. Bc4 Nf6 5. Ng5 Be6 6. Bxe6 fxe6 7. Nxe6 Qd7 8. Nxf8 Rxf8 9. d3 Nc6 10. Be3 0-0-0 11. f3 Qe7 12. a3 e4 13. fxe4 Kb8 14. Nf3 Nxe4 15. 0-0 h6 16. Re1 Qf6 17. Qc1 Nd6 18. Rf1 Rfe8 19. Re1 g5 20. Bd2 Rf8 21. Bc3 Qf5 22. Kh1 Nb5 23. Nd2 Nxc3 24. bxc3 Qc5 25. Ne4 Qf5 26. Rf1 Qe5 27. Qe3 Ne7 28. Qc5 Qg7 29. Rab1 Rd5 30. Rxf8+ Qxf8 31. Qb4 b6 32. Kg1 a5 33. Qc4 Qf4 34. Re1 g4 35. Ng3 Qxc4 36. dxc4 Rd7 37. Re4 Nc6 38. Rxg4 Rd2 39. Rg6 Ne5 40. Rxh6 Rxc2 41. c5 Nd3 42. cxb6 Rc1+ 43. Nf1 Rxc3 1-0

[Event "Vellmar op-A 5th"]
[Site "Vellmar"]
[Date "2013.07.26"]
[Round "3"]
[White "Rehbein, Ulrich"]
[Black "Braun, Ingram H"]
[Result "1/2-1/2"]
[WhiteElo "1822"]
[BlackElo "2009"]
[PlyCount "70"]
[EventDate "2013.07.25"]
[EventType "swiss"]
[EventRounds "7"]
[EventCountry "GER"]
[SourceTitle "EXT 2015"]
[Source "ChessBase"]
[SourceDate "2014.11.20"]
[SourceVersion "1"]
[SourceVersionDate "2014.11.20"]
[SourceQuality "1"]

1. d4 d5 2. Nf3 Nf6 3. c4 e6 4. Nc3 c6 5. cxd5 exd5 6. Bf4 Bf5 7. e3 Nbd7 8. Bd3 Bxd3 9. Qxd3 Be7 10. 0-0 0-0 11. Rfe1 Re8 12. Rad1 h6 13. e4 dxe4 14. Nxe4 Nd5 15. Bg3 Bb4 16. Nc3 Qa5 17. Rxe8+ Rxe8 18. Nxd5 Qxd5 19. a3 Ba5 20. h3 Bd8 21. b4 Bf6 22. Bh4 Bxh4 23. Nxh4 Nf6 24. Nf3 Nh5 25. Re1 Rxe1+ 26. Nxe1 Nf4 27. Qe3 Ne6 28. Nf3 b6 29. Kh2 a5 30. bxa5 bxa5 31. Qc3 g6 32. Qe3 Kg7 33. g3 a4 34. Qc3 Kh7 35. Qe3 Kg7 1/2-1/2

[Event "Vellmar op-A 5th"]
[Site "Vellmar"]
[Date "2013.07.25"]
[Round "1"]
[White "Rehbein, Ulrich"]
[Black "Humburg, Philipp"]
[Result "1/2-1/2"]
[WhiteElo "1822"]
[BlackElo "2054"]
[PlyCount "47"]
[EventDate "2013.07.25"]
[EventType "swiss"]
[EventRounds "7"]
[EventCountry "GER"]
[SourceTitle "EXT 2015"]
[Source "ChessBase"]
[SourceDate "2014.11.20"]
[SourceVersion "1"]
[SourceVersionDate "2014.11.20"]
[SourceQuality "1"]

1. d4 Nf6 2. Nf3 g6 3. c4 Bg7 4. Nc3 0-0 5. g3 d6 6. Bg2 Nc6 7. Bg5 a6 8. 0-0 Rb8 9. e4 Bg4 10. h3 Bxf3 11. Bxf3 h6 12. Be3 Nd7 13. Ne2 Na5 14. Qc1 c5 15. dxc5 Ne5 16. Bg2 Nexc4 17. Bd4 Bxd4 18. Nxd4 dxc5 19. Nf3 Qb6 20. b3 Nd6 21. Qxh6 Nxe4 22. Rfe1 Nf6 23. Ng5 Rbd8 24. Rxe7 1/2-1/2

[Event "Korbach op-A 2nd"]
[Site "Korbach"]
[Date "2008.10.12"]
[Round "7"]
[White "Hillgaertner, Walter"]
[Black "Rehbein, Ulrich"]
[Result "1-0"]
[WhiteElo "1970"]
[BlackElo "1858"]
[PlyCount "75"]
[EventDate "2008.10.09"]
[EventType "swiss"]
[EventRounds "7"]
[EventCountry "GER"]
[SourceTitle "EXT 2010"]
[Source "ChessBase"]
[SourceDate "2010.11.25"]
[SourceVersion "1"]
[SourceVersionDate "2010.11.25"]
[SourceQuality "1"]

1. Nf3 Nf6 2. c4 g6 3. g3 Bg7 4. Nc3 0-0 5. Bg2 c6 6. 0-0 d5 7. cxd5 cxd5 8. d4 Nc6 9. e3 Bf5 10. b3 Rc8 11. Bb2 a6 12. Rc1 Ne4 13. Nxe4 Bxe4 14. Qd2 Qd6 15. a3 h6 16. b4 Qf6 17. Ne5 Bxg2 18. Kxg2 Nxe5 19. dxe5 Qe6 20. f4 Rc4 21. Rxc4 dxc4 22. e4 Qc6 23. Qd5 Rc8 24. Qxc6 Rxc6 25. Bc3 Kf8 26. Rd1 Ke8 27. Kf3 Rc7 28. g4 Rd7 29. Rxd7 Kxd7 30. e6+ Kxe6 31. Bxg7 h5 32. Bc3 hxg4+ 33. Kxg4 f6 34. f5+ gxf5+ 35. exf5+ Kf7 36. Kf4 e6 37. fxe6+ Kxe6 38. h4 1-0

[Event "Korbach op-A 2nd"]
[Site "Korbach"]
[Date "2008.10.11"]
[Round "5"]
[White "Winter, Lars"]
[Black "Rehbein, Ulrich"]
[Result "1-0"]
[WhiteElo "2002"]
[BlackElo "1858"]
[PlyCount "69"]
[EventDate "2008.10.09"]
[EventType "swiss"]
[EventRounds "7"]
[EventCountry "GER"]
[SourceTitle "EXT 2010"]
[Source "ChessBase"]
[SourceDate "2010.11.25"]
[SourceVersion "1"]
[SourceVersionDate "2010.11.25"]
[SourceQuality "1"]

1. e4 g6 2. d4 Bg7 3. Nf3 d6 4. Bc4 Nf6 5. Qe2 0-0 6. 0-0 c6 7. Nc3 d5 8. exd5 cxd5 9. Bb3 Nc6 10. h3 Bf5 11. Bf4 Be4 12. Rad1 e6 13. Ne5 Nd7 14. Nxc6 bxc6 15. Nxe4 dxe4 16. Qxe4 c5 17. dxc5 Nxc5 18. Qe3 Qa5 19. Bd6 Rfc8 20. Bxc5 Rxc5 21. Rd7 Re5 22. Qf3 Rf8 23. c3 Qb5 24. Rfd1 Re2 25. Rxa7 Rxb2 26. g3 Qe5 27. c4 Qc5 28. Rad7 h5 29. h4 Bh6 30. Kf1 g5 31. hxg5 Bxg5 32. R1d4 Rb1+ 33. Kg2 f5 34. Qxh5 Qc6+ 35. R4d5 1-0

[Event "Bad Zwesten op 10th"]
[Site "Bad Zwesten"]
[Date "2006.01.03"]
[Round "3"]
[White "Geske, Julian"]
[Black "Rehbein, Ulrich"]
[Result "1-0"]
[WhiteElo "2077"]
[BlackElo "1875"]
[PlyCount "47"]
[EventDate "2006.01.02"]
[EventType "swiss"]
[EventRounds "9"]
[EventCountry "GER"]
[SourceTitle "CBM 110 Extra"]
[Source "ChessBase"]
[SourceDate "2006.03.10"]
[SourceVersion "2"]
[SourceVersionDate "2006.03.10"]
[SourceQuality "1"]

1. e4 g6 2. d4 Bg7 3. Nc3 d6 4. f4 c5 5. dxc5 Nc6 6. cxd6 exd6 7. Bd3 Nf6 8. Be3 Ng4 9. Qd2 Nxe3 10. Qxe3 0-0 11. Nge2 Re8 12. Qf2 Qa5 13. 0-0 Be6 14. Kh1 Rad8 15. Rad1 Bg4 16. Rde1 a6 17. f5 gxf5 18. exf5 Bxe2 19. Rxe2 Rxe2 20. Bxe2 Be5 21. f6 Nd4 22. Qh4 Ne6 23. Bd3 Nf8 24. Qh6 1-0

[Event "Lippe Cup 01st"]
[Site "Lieme"]
[Date "2004.10.23"]
[Round "2"]
[White "Kreie, Guenther"]
[Black "Rehbein, Ulrich"]
[Result "1-0"]
[WhiteElo "1827"]
[BlackElo "1742"]
[PlyCount "114"]
[EventDate "2004.10.22"]
[EventType "swiss"]
[EventRounds "5"]
[EventCountry "GER"]
[SourceTitle "EXT 2012"]
[Source "ChessBase"]
[SourceDate "2011.11.24"]
[SourceVersion "1"]
[SourceVersionDate "2011.11.24"]
[SourceQuality "1"]

1. e4 d5 2. exd5 Nf6 3. c4 g6 4. Nc3 Bg7 5. d4 0-0 6. Nf3 c6 7. dxc6 Nxc6 8. d5 Nb4 9. a3 Na6 10. Be2 Nc5 11. 0-0 Bf5 12. Nd4 Bd7 13. Re1 Qb8 14. Be3 Rc8 15. Bf3 e5 16. dxe6 Nxe6 17. Qe2 Re8 18. Qd2 Nc5 19. Rad1 Bg4 20. h3 Bxf3 21. Nxf3 Nce4 22. Nxe4 Rxe4 23. Bd4 Qd8 24. Qc3 Rxe1+ 25. Rxe1 Rc8 26. Qb3 b6 27. Bc3 Nd7 28. Bxg7 Kxg7 29. Qc3+ Qf6 30. Qxf6+ Kxf6 31. b3 Rc5 32. Nd2 Re5 33. Rd1 Ke6 34. b4 a5 35. Nf3 Rh5 36. g4 Rh6 37. Ng5+ Ke7 38. Kg2 f6 39. Nf3 Ne5 40. g5 Rh5 41. gxf6+ Kf7 42. Nxe5+ Rxe5 43. Rd7+ Kxf6 44. Rd6+ Kf5 45. Rxb6 Ke4 46. Rd6 Rg5+ 47. Kh2 Kf3 48. Rf6+ Ke2 49. f4 Rh5 50. Kg3 axb4 51. axb4 Kd3 52. c5 Kc4 53. Rb6 Rd5 54. c6 Rd3+ 55. Kg4 Kd5 56. c7 Rc3 57. Rb5+ Ke4 1-0